Las universidades hispánicas: de la monarquía de los austrias al centralismo liberal: V congreso internacional sobre historia de la universidades hispánicas
Wedi'i Gadw mewn:
| Prif Awdur: | |
|---|---|
| Fformat: | Llyfr |
| Iaith: | Sbaeneg Ffrangeg Portiwgaleg Catalaneg |
| Cyhoeddwyd: |
Salamanca
Universidad de Salamanca
2000
|
| Pynciau: | |
| Tagiau: |
Ychwanegu Tag
Dim Tagiau, Byddwch y cyntaf i dagio'r cofnod hwn!
|
MARC
| LEADER | 00000nam a2200000 a 4500 | ||
|---|---|---|---|
| 001 | UCI0182 | ||
| 003 | CL-VaPUC | ||
| 005 | 20210402001516.0 | ||
| 008 | 070427e20000000sp 1 spa d | ||
| 020 | |a 8478469303 | ||
| 020 | |a 8478469311v.1 | ||
| 020 | |a 847846932Xv.2 | ||
| 041 | 0 | 7 | |a spa |2 CL-VaPUC |
| 041 | 0 | 7 | |a fre |2 CL-VaPUC |
| 041 | 0 | 7 | |a por |2 CL-VaPUC |
| 041 | 0 | 7 | |a cat |2 CL-VaPUC |
| 082 | 0 | 4 | |a 378.8 |b ROD |2 21 |
| 100 | 1 | |a Rodríguez-San Pedro Bezares, Luis E |e author |9 620996 | |
| 245 | 1 | 4 | |a Las universidades hispánicas: de la monarquía de los austrias al centralismo liberal: V congreso internacional sobre historia de la universidades hispánicas |
| 260 | |a Salamanca |b Universidad de Salamanca |c 2000 | ||
| 300 | |a v | ||
| 500 | |a v.1: Siglos XVI y XVII | ||
| 500 | |a v.2: Siglos XVIII y XIX | ||
| 583 | |a last modification |c 20190910 11:35:46 |k Rodrigo Vera | ||
| 650 | 0 | 0 | |a Universidades |9 256317 |
| 650 | 0 | 0 | |a Historia de la educación |9 257642 |
| 650 | 0 | 0 | |a Educación superior |9 223851 |
| 650 | 0 | 0 | |a Estado y educación |9 311264 |
| 942 | |c BK | ||
| 945 | |a cmena |d 20070427 00:00:00 | ||
| 546 | |a En Español | ||
| 546 | |a En Francés | ||
| 546 | |a En Portugués | ||
| 546 | |a En Catalán | ||
| 536 | |a Universidad de Salamanca | ||
| 536 | |a Junta de Castilla y León | ||
| 518 | |p Congreso Internacional de Historia de las Universidades Hispánicas, 5, Salamanca, 18 al 22 de mayo de 1999 | ||
| 999 | |c 384252 |d 384250 | ||
| 952 | |0 0 |1 0 |4 0 |6 378_800000000000000_ROD_2000 |7 0 |8 DER_HIS |9 506881 |a BIBDER |b BIBDER |d 2020-01-23 |h v.1 |i 4330706 |o 378.8 ROD 2000 |p 4330706 |r 2023-01-25 |w 2020-01-23 |x Ubicación 4to Piso |y BK |z Estos recursos deben solicitarse con anticipación |k DER | ||
| 952 | |0 0 |1 0 |4 0 |6 378_800000000000000_ROD_2000 |7 0 |8 DER_HIS |9 506882 |a BIBDER |b BIBDER |d 2020-01-23 |h v.2 |i 4330714 |o 378.8 ROD 2000 |p 4330714 |r 2023-01-25 |w 2020-01-23 |x Ubicación 4to Piso |y BK |z Estos recursos deben solicitarse con anticipación |k DER | ||